The Fungi which cause plant disease

Guardat en:
Dades bibliogràfiques
Autor principal: Stevens, F.L.
Format: Llibre
Idioma:Undetermined
Publicat: New York The Macmilan Company 1921
Matèries:
Etiquetes: Afegir etiqueta
Sense etiquetes, Sigues el primer a etiquetar aquest registre!
Thư viện lưu trữ: Trung tâm Học liệu Trường Đại học Cần Thơ
LEADER 00541nam a2200181Ia 4500
001 CTU_168076
008 210402s9999 xx 000 0 und d
082 |a 632.952 
082 |b S844 
100 |a Stevens, F.L. 
245 4 |a The Fungi which cause plant disease 
245 0 |c F.L. Stevens 
260 |a New York 
260 |b The Macmilan Company 
260 |c 1921 
650 |a Fungicides,Plants, protection of,Bảo vệ cây trồng,Nấm học 
910 |a Nguyên 
980 |a Trung tâm Học liệu Trường Đại học Cần Thơ